000 00350nam a2200157Ia 4500
008 221030s9999 xx 000 0 und d
020 _a8120316169
041 _aEnglish
082 _a105.23
_bKev
100 _aS. Kevin
245 0 _aPortfolio Management
260 _bPHI
_aNew Delhi
_c2000
300 _a170
650 _aManagement
942 _cBK
999 _c1634
_d1634